| 000 | 01274cam a22003737a 4500 | ||
|---|---|---|---|
| 003 | CHAP | ||
| 005 | 20220329140616.0 | ||
| 008 | 971013s1995 r 00010 d | ||
| 010 | _a54688 | ||
| 011 | _a55660 | ||
| 035 | _a59812 | ||
| 040 | _cCHAP | ||
| 090 | _aTesis | ||
| 100 | 0 | 0 |
_aHernández Becerra, Marcos. _953848 |
| 245 | 1 | 3 | _aLa producción de leche en la Cuenca del Lago de Texcoco y su base forrajera |
| 260 |
_aChapingo, Méx. : _bEl autor, _c1995 |
||
| 300 | _a86 h. | ||
| 502 | _aTesis (Ing. Agr. Esp. en Zootecnia) -- UACH. Departamento de Zootecnia | ||
| 590 |
_aALEPH _b10 _c20130110 _lUCH01 _h1332 |
||
| 590 |
_aBATCH-UPD _b10 _c20130110 _lUCH01 _h0547 |
||
| 590 |
_aBATCH-UPD _b10 _c20130410 _lUCH01 _h0229 |
||
| 590 |
_aBATCH-UPD _b10 _c20130914 _lUCH01 _h1516 |
||
| 590 |
_aCONVERSION _b10 _c20130109 _lUCH01 _h1329 |
||
| 650 | 1 | 4 |
_aGanado lechero _xPastoreo. _945284 |
| 650 | 1 | 4 |
_aGanado lechero _zMéxico (Edo.). _945314 |
| 650 | 1 | 4 |
_aLago de Texcoco. _964410 |
| 650 | 1 | 4 |
_aLeche _xCostos de producción. _965371 |
| 650 | 1 | 4 |
_aLeche _xProducción. _965400 |
| 650 | 1 | 4 |
_aPlantas forrajeras. _988943 |
| 901 | _aBK | ||
| 942 | _cFOLL | ||
| 949 |
_bBC _cTES _d-129196 _eTS1 _h28346 _i59812 _si |
||
| 949 |
_bBC _cTES _d33724000040903 _eTS2 _fc.2 _h28347 _i59812 _si |
||
| 999 |
_c54688 _d54688 |
||